000 01972nam0a22002531 4500
001 v19\rc\1275372
005 20250618005318.0
035 _a(NLR Aleph) 004426817
090 _a4212258
_c4212258
100 _a20060306d1896 |||y0rusy50 ca
101 0 _arus
102 _aRU
105 _ay z |||||
200 1 _aПротокол Совещания, состоявшегося 10 мая 1896 г., по вопросу о порядке денежных расчетов между железными дорогами и пароходными обществами за перевозку пассажиров, следующих на Всерросийскую выставку в Н.-Новгороде по круговым и обратным маршрутам
210 _a[Санкт-Петербург]
_dценз. 1896
215 _a4 с.
_d31
309 _aБез тит. л. и обл.
532 1 1 _aПротокол Совещания, состоявшегося десятого мая тысяча восемьсот девяносто шестого года, по вопросу о порядке денежных расчетов между железными дорогами и пароходными обществами за перевозку пассажиров, следующих на Всерросийскую выставку в Н.-Новгороде по круговым и обратным маршрутам
710 1 2 _aСовещание по вопросу о порядке денежных рассчетов между ж. д. и пароходными обществами за перевозку пассажиров, следующих на Всероссийскую выставку в Н.-Новгороде по круговым и обратным маршрутам
_f1896
_eПетербург
801 0 _aRU
_bNLR
_gpsbo
801 1 _aRU
_bProSoft-M
_2rusmarc
852 _aNLR
_j18.288.1.90
942 _cBOOK
980 _aNB